The Rockefeller syndrome
Saved in:
| Main Author: | |
|---|---|
| Format: | Book |
| Language: | Undetermined |
| Published: |
London
Secaucus
1975
|
| Subjects: | |
| Tags: |
Add Tag
No Tags, Be the first to tag this record!
|
| Institutions: | Trung tâm Học liệu Trường Đại học Cần Thơ |
|---|
| LEADER | 00479nam a2200181Ia 4500 | ||
|---|---|---|---|
| 001 | CTU_78185 | ||
| 008 | 210402s9999 xx 000 0 und d | ||
| 082 | |a 332 | ||
| 082 | |b L962 | ||
| 100 | |a Lundberg, Ferdinand | ||
| 245 | 4 | |a The Rockefeller syndrome | |
| 245 | 0 | |c Ferdinand Lundberg | |
| 260 | |a London | ||
| 260 | |b Secaucus | ||
| 260 | |c 1975 | ||
| 650 | |a Capitalists and financiers | ||
| 650 | |z United States | ||
| 980 | |a Trung tâm Học liệu Trường Đại học Cần Thơ | ||